Normal view
MARC view
Entry Personal Name
001 - CONTROL NUMBER
- control field: 27330
003 - CONTROL NUMBER IDENTIFIER
- control field: ARRUPE
005 - DATE AND TIME OF LATEST TRANSACTION
- control field: 20161108081523.0
008 - FIXED-LENGTH DATA ELEMENTS
- fixed length control field: 161108|| aca||aabn | a|a d
040 ## - CATALOGING SOURCE
- Original cataloging agency: ARRUPE
- Transcribing agency: ARRUPE
100 ## - HEADING--PERSONAL NAME
- Personal name: Sturdy, John
- Fuller form of name: tr.
670 ## - SOURCE DATA FOUND
- Source citation: Work cat.: (ARRUPE)125671: Moltmann, Jürgen. 27283, Man :, 1974.